000 00528nam a2200157 4500
001 131635
003 ES-MaACL
005 20230906194022.0
007 t|
008 070214s1972 sp r ||||1| spa d
100 1 _aRodríguez Cabo, Valentín.
_998393
245 1 4 _aLos problemas de los funcionarios de la administración local no integrados en cuerpos nacionales en el año 1971 /
_cValentín Rodríguez Cabo.
260 _aLugo :
_bEd. Celta,
_c1972.
300 _a109 p. ;
_c17 cm.
852 _aES-MaACL
_jC-44979
_bR.80416
999 _c131635
_d131635